Statistics for Avengers: Endgame - Quotes

Click here to take the quiz!

General Stats

  • This quiz has been taken 930 times
  • The average score is 19 of 35

Answer Stats

QuoteWho Said It% Correct
"I am Groot."Groot
95%
"Avengers! Assemble!"Captain America
89%
"On your left."Falcon
88%
"I went for the head."Thor
86%
"You can rest now."Pepper Stark
80%
"Nothing's weird. I get emails from a raccoon."Black Widow
79%
"If I tell you what happens, it won't happen."Doctor Strange
77%
"So you're telling me Back to the Future is a bunch of bulls**t."Ant-Man
76%
"Remember when I got all dusty?"Spiderman
76%
"You took everything from me!"Scarlet Witch
73%
"We're not the only ones in 2014 looking for the stones."Nebula
68%
"What's up regular sized man?"War Machine
67%
"Clint. Give it to me."Black Panther
61%
"How can I? You're taking all the stupid with you."Bucky Barnes
59%
"You must lose of that which you love."Red Skull
58%
"You look like melted ice cream."Rocket Raccoon
58%
"Because before you didn't have me."Captain Marvel
57%
"You wanted more?"Wong
53%
"Part of the journey's the end."Ironman
51%
"That is destiny fulfilled."Thanos
51%
"Feel free to log onto the wifi. No password, obviously."Korg
50%
"She's got help."Okoye
46%
"I'm afraid you're five years too early."Ancient One
45%
"That kid isn't even here yet, but I'll do anything for him."Howard Stark
44%
"These are confusing times."Professor Hulk
40%
"I was raised by witches."Frigga
36%
"Ooh. I like knives."Mantis
31%
"Define lunch or be terminated."Morgan Stark
29%
"We've got you Cap."Wasp
27%
"Who puts mayonnaise on a hot dog?"Lila Barton
26%
"Hey Squirt, you want something to eat?"Happy Hogan
24%
"I think I liked you more the other way."Valkyrie
23%
"They didn't open it, did they?"Hank Pym
21%
"Probably your brothers."Hawkeye
19%
"You did this the first time."Starlord
9%

Score Distribution

Percentile by Number Answered

Percent of People with Each Score

Your Score History

You have not taken this quiz